| 000 | 00671cab a2200241 4500 | ||
|---|---|---|---|
| 001 | ABS58361 | ||
| 008 | 090401t1998 xxu||||| |||| 00| 0 eng d | ||
| 035 | _a(Sirsi) u84499 | ||
| 041 | _aeng | ||
| 100 | _aWoods, N. | ||
| 245 | 4 | _aThe value of communication | |
| 260 | _c1998 | ||
| 350 | _a0 | ||
| 490 |
_aIRRV Insight _vJanuary/February 1998, 14-15(2) |
||
| 520 | _aDescribes how Northern Ireland managed its first non-domestic revaluation for 21 years. | ||
| 650 | _aBUSINESS RATES | ||
| 650 | _aNON-DOMESTIC RATING | ||
| 650 | _aNORTHERN IRELAND | ||
| 650 | _aRATING REVALUATION | ||
| 690 | _aRATING AND VALUATION | ||
| 942 | _n0 | ||
| 948 | _c25/02/1998 | ||
| 999 |
_c53101 _d53101 |
||